00413nam a2200169Ia 450000500170000000800410001702000150005808200210007310000150009424500360010926000380014530000170018365000110020065000160021165000080022765000080023520250109000239.0240331s9999 xx 000 0 und d a0415091950 bRIC25399a305.3 aCollier, R 0aMasculinity, Law and the Family aLondonaNew YorkbRoutledgec1995 axii, 331 p., aFamily aMasculinity aMen aLaw